00518nam a2200193Ia 4500003000400000005001700004008004000021020001800061040000700079041000800086082001600094100002000110245003400130260003200164300000900196651005900205651003900264700002100303OSt20250829140403.0210210b2010 xxu||||| |||| 00| 0 eng d a9788130915050 cAL aeng a793.73 BRAE aAllen D Bragdon aExercises for the whole brain aNew DelhibViva booksc2010 a128p 2Neuron builders to stimulate and entertain your visual amath and executive planning skills aFellows, Leonard